Теория слова, принципы ее построения и аспекты изучения лексического материала

Бібліографічні деталі
Автор: Левковская К. А. Ксения Аристарховна
Мова:Російська
Опубліковано: Москва, Высшая школа, 1962
Предмети:
Формат: MixedMaterials Книга
KOHA link:https://koha.lib.tpu.ru/cgi-bin/koha/opac-detail.pl?biblionumber=168741

MARC

LEADER 00000nam0a2200000 4500
001 168741
005 20231031163210.0
035 |a (RuTPU)RU\TPU\book\183059 
090 |a 168741 
100 |a 20091102d1962 k y0rusy50 ca 
101 0 |a rus 
102 |a RU 
105 |a y z 001zy 
200 1 |a Теория слова, принципы ее построения и аспекты изучения лексического материала  |f К. А. Левковская 
210 |a Москва  |c Высшая школа  |d 1962 
215 |a 296 с. 
320 |a Библиогр.: с. 278-294. 
610 1 |a слово 
610 1 |a лексикология 
610 1 |a лексические единицы 
610 1 |a язык 
686 |a Ш103  |v LBC/SL-A  |2 rubbk 
700 1 |a Левковская  |b К. А.  |g Ксения Аристарховна 
801 1 |a RU  |b 63413507  |c 20091102 
801 2 |a RU  |b 63413507  |c 20100304  |g RCR 
942 |c BK